Corporate Occupier (Record no. 118727)
[ view plain ]
| 000 -LEADER | |
|---|---|
| fixed length control field | 00759cas a22002175a 4500 |
| 001 - CONTROL NUMBER | |
| control field | L109918 |
| 008 - FIXED-LENGTH DATA ELEMENTS--GENERAL INFORMATION | |
| fixed length control field | 070510d19982002xxkqr p a eng d |
| 035 ## - SYSTEM CONTROL NUMBER | |
| System control number | (Sirsi) u109918 |
| 041 0# - LANGUAGE CODE | |
| Language code of text/sound track or separate title | eng |
| 110 2# - MAIN ENTRY--CORPORATE NAME | |
| Corporate name or jurisdiction name as entry element | Royal Institution of Chartered Surveyors |
| Subordinate unit | Corporate Occupiers Group |
| 9 (RLIN) | 3759 |
| 240 ## - UNIFORM TITLE | |
| Uniform title | COG Newsletter |
| 245 00 - TITLE STATEMENT | |
| Title | Corporate Occupier |
| Remainder of title | News from the Corporate Occupiers Group (COG) |
| 260 3# - PUBLICATION, DISTRIBUTION, ETC. | |
| Place of publication, distribution, etc. | London |
| Name of publisher, distributor, etc. | RICS |
| Date of publication, distribution, etc. | 1998-2002 |
| 362 ## - DATES OF PUBLICATION AND/OR SEQUENTIAL DESIGNATION | |
| Dates of publication and/or sequential designation | London: (1) Summer 1998-(12) July 2002 |
| 362 0# - DATES OF PUBLICATION AND/OR SEQUENTIAL DESIGNATION | |
| Dates of publication and/or sequential designation | Edinburgh: (1) Summer 1998-(5) Summer 1999 |
| 520 ## - SUMMARY, ETC. | |
| Summary, etc. | Became COG Newsletter from Issue 9 (April 2001) |
| 554 ## - | |
| -- | Four per year |
| 651 #4 - SUBJECT ADDED ENTRY--GEOGRAPHIC NAME | |
| Geographic name | England and Wales |
| Chronological subdivision | 1543- |
| 690 ## - LOCAL SUBJECT ADDED ENTRY--TOPICAL TERM (OCLC, RLIN) | |
| Topical term or geographic name as entry element | PROPERTY-COMMERCIAL PROPERTY-CORPORATE REAL ESTATE |
| 942 ## - ADDED ENTRY ELEMENTS (KOHA) | |
| Suppress in OPAC | 0 |
| Withdrawn status | Lost status | Source of classification or shelving scheme | Damaged status | Not for loan | Home library | Current library | Shelving location | Date acquired | Total Checkouts | Full call number | Barcode | Date last seen | Price effective from | Koha item type |
|---|---|---|---|---|---|---|---|---|---|---|---|---|---|---|
| Dewey Decimal Classification | London | London | Gallery | 12/12/2000 | RICS COG NEWSLETTER | 109918-1001 | 06/08/2019 | 06/08/2019 | Journal |